Trouvez la station - Métro de Paris #2 - Statistiques

Statistiques générales
  • Ce quiz a été pris 70 fois
  • Le résultat moyen est 12 sur 15
Statistiques - réponses
Question Réponse % Correct
Les batailles du général Bonaparte Pyramides
97%
Les couleurs Blanche
93%
Les villes belges Liège
93%
Les œuvres architecturales de la Grèce antique Odéon
93%
Les lieux du pouvoir Assemblée nationale
90%
Les grandes inventions techniques Télégraphe
90%
Les rivières d'Europe Danube
88%
Les quais de Paris Quai de la Rapée
85%
Les philosophes des Lumières Voltaire
84%
Les poètes français du XXe siècle Aimé Césaire
79%
Les canaux et bassins de Paris Ourcq
79%
Les quartiers administratifs de Paris Plaisance
75%
Les indépendantistes européens Botzaris
72%
Les avenues de Paris Avenue Émile Zola
66%
Les saints de Paris Saint-Fargeau
59%
Aucun quiz correspondant
Distribution des résultats
% des personnes avec chaque résultat
Percentile par nombre de réponses
Votre historique - résultats
Vous n’avez pas pris ce quiz